01983nam a22002537a 4500003000500000005001700005008004100022020001800063082002100081100002500102245009800127260004200225300001600267505066300283650003300946651003800979942001201017999001901029952013601048952013701184952013601321952013601457952013601593NUST20251218094722.0251217b ||||| |||| 00| 0 eng d a9786968535742 a954.91009581,LAT aLatif, Zahid9132151 aPakistan's Search for Peace with Afghanistan:bStatecraft, Policy and Strategy /cZahid Latif aNUST PressbIslamabad, Pakistanc2025 axxii, 216 p aIntroduction (Page-1), Genesis of Pakistan Afghan Policy (1947-1992) and The Nature of Its Ethnic Leaning (Page-39), Pakistan Post-Cold War Policy Towards Afghanistan and the Deepening of Its Ethnic Orientation (Page-59), Application of Pakistan's Military Instrument in Support of Post-9/11 Afghan Policy (Page-103), Pakistan's Policy and The Indo-U.S Presence in Afghanistan ((Page-120), Collapse of The Islamic Republic of Afghanistan and the Resurgence of the Taliban (Page-141), Some Reflections on the Perpetual Issues of Afghan Policy (Page-146), Future Policy and Interdependence (Page-163), Statecraft, Policy and Strategy for the Future (Page-181). aPak-Afghan Relations9132345 aPakistan's Foreign Policy9132346 2ddccBK c615557d615557 00102ddc4070aMCSbMCScGENd2025-12-17o954.91009581,LATpMCS38940r2025-12-17w2025-12-17yBKzAlmirah Fresh No.43, Shelf No.2 00102ddc4070aMCSbMCScREFd2025-12-17o954.91009581,LATpMCS38942r2025-12-17w2025-12-17yREFzAlmirah Fresh No.43, Shelf No.2 00102ddc4070aMCSbMCScGENd2025-12-17o954.91009581,LATpMCS38941r2025-12-17w2025-12-17yBKzAlmirah Fresh No.43, Shelf No.2 00102ddc4070aMCSbMCScGENd2025-12-17o954.91009581,LATpMCS38938r2025-12-17w2025-12-17yBKzAlmirah Fresh No.43, Shelf No.2 00102ddc4070aMCSbMCScGENd2025-12-17o954.91009581,LATpMCS38939r2025-12-17w2025-12-17yBKzAlmirah Fresh No.43, Shelf No.2